000 00744nam a22002537a 4500
001 BR8903107
003 BR-BrBNA
005 20241205112629.0
007 ta
008 230509b bl.||||| |||| 00| 0 por d
040 _aBR-BrBNA
_bpor
_cBiblioteca Nacional de Agricultura
041 _a(Por)
072 _aH20
_b3575
090 _a 3575 BR8903107
_b2024-7904
100 1 _aMachado, J. da C.
110 1 _aMinisterio da Educacao e Cultura, Brasilia, DF (Brasil)
_97005
245 1 _aPatologia de sementes; fundamentos e aplicacoes
260 3 _aBrasilia, DF (Brasil):
_c1988.
300 _a106 p.
500 _aBibliography p. 95-106 (80 ref.); 9 illus.; 4 tables
650 _aSEMENTE
650 _aDOENCA DE PLANTA
942 _cBK
_2AGRIS
999 _c43866
_d43866